Hungriges Herz - Liedtext, Songtext, Lyrics - Statistiken

Allgemein
  • Dieses Quiz wurde 17 mal gespielt
  • Das Durchschnittsergebnis liegt bei 168 aus 301
Antwortstatistiken
Antwort % Korrekt
Herz
94%
hungriges
94%
du
88%
Du
88%
Mein
88%
ich
81%
ein
75%
Sag
69%
sag
69%
Schmerz
69%
sie
69%
und
69%
wie
69%
willst
69%
das
63%
gehen
63%
ist
63%
mir
63%
weit
63%
zu
63%
An
56%
an
56%
Dein
56%
mich
56%
nicht
56%
bittersüßer
50%
wenn
50%
Wenn
50%
wirst
50%
deine
44%
Deine
44%
einen
44%
im
44%
in
44%
meine
44%
mit
44%
Mit
44%
sehen
44%
Was
44%
was
44%
alle
38%
Augen
38%
bist
38%
durch
38%
durchfährt
38%
los
38%
meinen
38%
nur
38%
Schwert
38%
sich
38%
als
31%
bittersüßes
31%
deinen
31%
Hände
31%
heißen
31%
Lippen
31%
meinem
31%
Mund
31%
zuckersüßer
31%
berühren
25%
deiner
25%
eis
25%
eiskalt
25%
glühend
25%
Ja
25%
kugelrund
25%
lässt
25%
lutscht
25%
Nein
25%
roter
25%
soll
25%
Wangen
25%
Worte
25%
anderen
19%
bloß
19%
Boden
19%
dringst
19%
Drück
19%
Engelszunge
19%
ergeben
19%
fest
19%
Finger
19%
Gewinner
19%
hälst
19%
jemand
19%
Kampf
19%
machst
19%
Plan
19%
rauen
19%
Selbst
19%
verbrenn
19%
verfolgen
19%
wähne
19%
Willen
19%
willenlos
19%
wirfst
19%
zurück
19%
diese
13%
Folter
6%
Gewohnt
6%
Keine übereinstimmenden Quizze gefunden
Verteilung der Resultate
Anzahl Personen mit jedem Resultat
Perzentil nach korrekt beantworteten Fragen
Ihre Resultats-Entwicklung
Sie haben dieses Quiz noch nicht gespielt